Berühmte Synchronsprecher: Helmut Krauss - Statistiken

Allgemein
  • Dieses Quiz wurde 15 mal gespielt
  • Das Durchschnittsergebnis liegt bei 3 aus 16
Antwortstatistiken
Bildquiz Antwort % Korrekt
Fred Feuerstein
67%
Maurice
50%
Don Vito Corleone
25%
Clubber Lang
17%
Henry J. Waternoose III
17%
Ivan Drago
17%
Jules Winnfield
17%
Pinhead
17%
Darkseid
8%
Mario Auditore
8%
Percival C. McLeach
8%
Shredder
8%
Ceras Vater
0%
Deep Throat
0%
Diesel 10
0%
Walter Sobchak
0%
Keine übereinstimmenden Quizze gefunden
Verteilung der Resultate
Anzahl Personen mit jedem Resultat
Perzentil nach korrekt beantworteten Fragen
Ihre Resultats-Entwicklung
Sie haben dieses Quiz noch nicht gespielt